000 00536nam a2200241 a 4500
001 nice12345678
003 IN_TiNIC
005 20260116011856.0
008 050524s1966 a grp 000 0 urd
020 _a
_c3
082 0 0 _a891.41
_bGHA
100 _aGhamgin, Shahabadi
245 _aMakhzanul Asraar
260 _a
_b
_c1966
300 _a223p
500 _aincludes index and biblioraphy
505 2 _aIndex
650 _aUrdu-Poetry
700 1 _aGhamgin, Shahabadi
902 _bSRS
942 _cBK
999 _c4636
_d4636